Statistics for States In The West (30 Second Sprint)

Click here to take the quiz!

General Stats

  • This quiz has been taken 30 times
  • The average score is 11 of 13

Answers on the Map

Answers color-coded by a green-red scale on the quiz's map according to % correct below.
 

Answer Stats

Answer% Correct
Alaska
100%
California
96%
Idaho
92%
Oregon
88%
Washington
88%
Hawaii
84%
Montana
84%
Nevada
84%
Colorado
80%
Utah
80%
Wyoming
80%
Arizona
72%
New Mexico
72%

Score Distribution

Percentile by Number Answered

Percent of People with Each Score

Your Score History

You have not taken this quiz